000 00383 a2200169 4500
001 69464
020 _a8506005450
040 _cAnchieta - Itaigara
100 _aGóes, Lúcia Pimentel
240 1 0 _aZé diferente
_lpor
245 1 0 _aZé diferente
300 _a31 [1p.]
362 0 _a2000
440 1 _aLarousse do Brasil
650 4 _aLiteratura infanto-juvenil
942 _cBK
999 _c69464
_d69464